Jazyk je konečná hranica

Bibliographic Details
Main Authors: Albahari, David, 1948- (Author), Haugová, Mila, 1942- (Author)
Format: Article
Language:Slovak
ISSN:1335-1702
Subjects:

MARC

LEADER 00000nab a2200000 a 4500
001 vtls000643369
003 SK-MaSNL
005 20260304094821.0
008 250425c1997 xo 0 slo
015 |a SNBRB19rr/mm-uuuuu 
035 |a CL0643508 
035 |a urn:nbn:sk:snk-ab9wyb 
035 |a (urnnbn)urn:nbn:sk:snk:ar-a092y8 
035 |a (uuid)2dbb54e4-99a5-4e27-b4e2-c9a5c660d221 
040 |a SNKBUCL  |b slo  |c SNKBUCL  |e AACR2 
041 0 |a slo 
044 |a xo  |c SK 
080 |a 82:929:886.1  |2 1981 
080 |a 886.1  |2 1981 
080 |a 929 Albahari, David  |2 1981 
100 1 |a Albahari, David,  |d 1948-  |4 aut  |9 125894 
245 1 0 |a Jazyk je konečná hranica  |c David Albahari, Mila Haugová 
500 |a Dat.: August 1996 Bratislava - Calgary 
600 1 7 |a Albahari, David,  |d 1948-  |2 snkbucl  |9 125894 
655 7 |a články z novín a časopisov  |2 snkbucl  |9 267496 
700 1 |a Haugová, Mila,  |d 1942-  |4 aut  |9 90543 
773 0 |t RAK  |g Roč. 2, č. 5 (1997), s. 48-50  |x 1335-1702 
850 |a Slovenská národná knižnica 
852 |a Slovenská národná knižnica 
958 |a article13 
958 |a LX 
958 |a YU 
958 |a BC 
958 |a RK 
958 |a OND 
958 |a EUIPO 
992 |a RBX 
999 |c 2829118  |d 2831048